Термодинамические данные процессов дистилляции и ректификации системы Uf6-If5-BrF3; Физико-технические проблемы атомной энергетики и промышленности

Bibliografiske detaljer
Parent link:Физико-технические проблемы атомной энергетики и промышленности.— 2007.— C. 88
Andre forfattere: Жерин И. И. Иван Игнатьевич, Усов В. Ф. Владимир Фёдорович, Амелина Г. Н. Галина Николаевна, Оствальд Р. В. Роман Вячеславович, Шагалов В. В. Владимир Владимирович, Гайдай И. В., Тюлюбаев З. М.
Sprog:russisk
Udgivet: 2007
Fag:
Format: Book Chapter
KOHA link:https://koha.lib.tpu.ru/cgi-bin/koha/opac-detail.pl?biblionumber=130824

MARC

LEADER 00000naa2a2200000 4500
001 130824
005 20250826142516.0
035 |a (RuTPU)RU\TPU\book\141693 
090 |a 130824 
100 |a 20080208d2007 k y0rusy50 ca 
101 0 |a rus 
102 |a RU 
200 1 |a Термодинамические данные процессов дистилляции и ректификации системы Uf6-If5-BrF3  |f И. И. Жерин [и др.] 
320 |a Библиогр.: 3 назв. 
463 0 |0 (RuTPU)RU\TPU\book\93764  |y 5-98298-125-7  |t Физико-технические проблемы атомной энергетики и промышленности  |o сборник тезисов докладов IV Международной научно-практической конференции; г. Томск, 7-8 июня 2007 г.  |f Томский политехнический университет (ТПУ); Сибирский химический комбинат  |v C. 88  |d 2007 
610 1 |a дистилляция 
610 1 |a термодинамика 
610 1 |a ректификация 
610 1 |a система 
610 1 |a испарение 
610 1 |a изотермия 
610 1 |a труды учёных ТПУ 
701 1 |a Жерин  |b И. И.  |c российский химик  |c профессор Томского политехнического университета, доктор химических наук  |f 1955-  |g Иван Игнатьевич  |3 (RuTPU)RU\TPU\pers\25854  |4 070  |9 11723 
701 1 |a Усов  |b В. Ф.  |c специалист в области химической технологии редких, рассеяных и радиоактивных элементов  |c доцент Томского политехнического университета  |f 1941-  |g Владимир Фёдорович  |3 (RuTPU)RU\TPU\pers\26569  |4 070 
701 1 |a Амелина  |b Г. Н.  |c химик-технолог  |c доцент Томского политехнического университета, кандидат химических наук  |f 1963-  |g Галина Николаевна  |3 (RuTPU)RU\TPU\pers\27824  |9 12862 
701 1 |a Оствальд  |b Р. В.  |c химик-технолог  |c доцент Томского политехнического университета, кандидат химических наук  |f 1980-  |g Роман Вячеславович  |3 (RuTPU)RU\TPU\pers\25864  |4 070  |9 11732 
701 1 |a Шагалов  |b В. В.  |c химик  |c доцент Томского политехнического университета, кандидат химических наук  |f 1982-  |g Владимир Владимирович  |3 (RuTPU)RU\TPU\pers\25867  |4 070  |9 11735 
701 1 |a Гайдай  |b И. В. 
701 1 |a Тюлюбаев  |b З. М. 
801 1 |a RU  |b 63413507  |c 20080208  |g PSBO 
801 2 |a RU  |b 63413507  |c 20120502  |g RCR 
942 |c BK